00962nam a2200253 a 450000100100000000500170001000800410002701000130006802000150008104000180009604200100011404300120012405000230013624501410015926000920030030000210039250400500041365000280046370000330049170000290052491000330055395201050058699900170069100001900720200929165912.0951228s1995 bl b 000 0 por  a95832864 a8585725095 aDO-SdBNPcDLC alcode as-bl---00aLB1050b.L438 199500aLeituras no Brasil :bantologia comemorativa pelo 10o. COLE : dos anais dos COLEs /cMarcia Abreu (org.) ; Haquira Osakabe ... [et al.]. aCampinas, SP, Brasil :bAssociacao de Leitura do Brasil :bMercado de Letras,c[1995?]. a192 p. ;c21 cm. aIncludes bibliographical references (p. 192). 0aReadingzBrazil.9408941 aAbreu, Marcia Donner.9408951 aOsakabe, Haquira.940896 aCatalogación derivada / LC 001050718MOaGRbGRcCTd2010-05-21iLF1l0o p19007-10r2020-06-25w2020-06-25y1ZNo se presta c18525d18525